Les pays qui ont accueilli des migrants - Statistiques

Statistiques générales
  • Ce quiz a été pris 524 fois
  • Le résultat moyen est 24 sur 54
Statistiques - réponses
Solde migratoire Pays % Correct
1.10 France
99%
3.90 Etats-Unis
95%
7.80 Espagne
92%
1.50 Allemagne
88%
3.70 Italie
87%
2.50 Royaume-Uni
87%
2.50 Portugal
84%
1.70 Russie
84%
5.70 Canada
83%
4.70 Suisse
77%
5.40 Belgique
76%
5.30 Suède
74%
5.90 Norvège
70%
2.90 Finlande
66%
2.30 Grèce
65%
1.90 Pays-Bas
65%
5.50 Australie
64%
4.00 Irlande
60%
4.80 Autriche
59%
2.10 Danemark
57%
15.50 Luxembourg
53%
4.00 Islande
51%
2.50 Corée-du-Sud
45%
1.30 Hongrie
45%
5.70 Monaco
45%
2.20 Nouvelle-Zélande
43%
2.20 Israël
40%
2.30 Tchéquie
39%
0.10 Slovaquie
38%
2.00 Malte
37%
14.60 Qatar
37%
5.00 Liechtenstein
32%
0.30 Chili
31%
8.70 Chypre
31%
7.50 Saint-Marin
30%
0.70 Biélorussie
28%
13.10 Singapour
25%
0.90 Taiwan
22%
12.10 Bahrein
20%
0.40 Kazakhstan
20%
1.90 Libye
20%
0.40 Yemen
19%
0.80 Costa Rica
16%
0.20 Angola
14%
0.60 Suriname
14%
1.00 Seychelles
12%
5.70 Djibouti
11%
0.20 Rwanda
11%
10.60 Soudan-du-Sud
10%
3.00 Botswana
9%
2.20 Antigua-et-Barbuda
7%
0.80 Palaos
6%
1.20 Saint-Christophe-et-Niévès
6%
10.50 Emirats arabes unies
1%
Aucun quiz correspondant
Distribution des résultats
% des personnes avec chaque résultat
Percentile par nombre de réponses
Votre historique - résultats
Vous n’avez pas pris ce quiz